000 00399nam a22001577a 4500
005 20251226142747.0
082 _a510 SAJ
100 _aSajikumar S
_91020
100 _aHaritha Vijay
_91115
245 _aMathematics For Electrical Science And Physical Science 3
250 _a1
260 _aOwl Books
_bThiruvananthapuram
_c2025
546 _aLanguage : English
650 _aAPS
_95
942 _cBK
999 _c38166
_d38166